| 000 | 01252 a2200193 4500 | ||
|---|---|---|---|
| 003 | Nust | ||
| 005 | 20230221120404.0 | ||
| 010 | _a68009599 | ||
| 040 | _cNust | ||
| 082 | _a327.42, SET | ||
| 100 |
_aSeton-Watson, Robert William _9109323 |
||
| 245 |
_aBritain in Europe, 1789-1914; a survey of foreign policy _cR W Seton-Watson, |
||
| 260 |
_aH. Fertig, _bNew York _c1968 |
||
| 300 |
_aix, 716 p _b24 cm |
||
| 505 | _aThe Genesis Of Our Foreign Policy (Page-38), Introduction; Castlereagh And The Holy Alliance (Page-67), Canning And The New Diplomacy (Page-121), Interlud; Wellington And Aberdeen (Page-149), The Rapprochement Of The Western Powers (Page-192), The Eastern Question And The Crisis Of The Entente (Page-223), Aberdeen And The Entente Cordiale (Page-241), Palmerston And The New Spirit (Page-301), The Origins Of The Crimean War (Page-328),The Aftermath; Roumania And Italy (Page-361), Interference As A Policy (Page-395), Non Intervention And Isolation (Page-466), Disraeli And The Eastern Question (Page-505), The Berlin Settlement (Page-534), The Return To Isolation (Page-546). | ||
| 600 |
_aSeton-Watson, Robert William _9109323 |
||
| 650 |
_aBritain in Europe, 1789-1914; a survey of foreign policy _9109324 |
||
| 942 |
_2ddc _cBK |
||
| 999 |
_c184324 _d184324 |
||